| 000 | 01024cam a2200313 i 4500 | ||
|---|---|---|---|
| 001 | 14760 | ||
| 003 | BD-RjUL | ||
| 005 | 20211208235703.0 | ||
| 008 | 140208s1980 nyua b 001 0 eng | ||
| 020 | _a0070227519 | ||
| 020 | _a0070227519 | ||
| 035 | _a(BD-RjUL)14814 | ||
| 040 |
_aDLC _cDLC _dDLC _dBD-RjUL _beng |
||
| 041 | _aeng | ||
| 082 | 0 | 0 |
_a658.4033 _bGAQ 1980 |
| 100 | 1 |
_aGallagher, Charles A. _945978 |
|
| 245 | 1 | 0 |
_aQuantitative methods for business decisions / _cCharles A. Gallagher, Hugh J. Watson. |
| 250 | _aInternational student edition | ||
| 260 |
_aNew York ; Auckland : _bMcGraw-Hill International book , _cc1980. |
||
| 300 |
_axvi, 604 p. : _bill. ; _c24 cm. |
||
| 504 | _aIncludes bibliographies and indexes. | ||
| 650 | 0 |
_aIndustrial management _xMathematical models. _98119 |
|
| 650 | 0 |
_aDecision making _xMathematical models. _945979 |
|
| 650 | 0 |
_aStatistical decision. _945980 |
|
| 700 | 1 |
_aWatson, Hugh J., _9230576 |
|
| 942 |
_2ddc _cBK |
||
| 999 |
_c14760 _d14760 |
||